[Event "SVK-ch U2400"]
[Site "Liptovsky Jan"]
[Date "2025.06.15"]
[Round "8"]
[White "Mikula, Maciej"]
[Black "Hitka, Dominik"]
[Result "0-1"]
[WhiteElo "2041"]
[BlackElo "1909"]
[PlyCount "59"]
[EventDate "2025.06.12"]
[EventType "swiss"]
[EventRounds "8"]
[EventCountry "SVK"]
[SourceTitle "CB25_2025"]
[SourceDate "2025.06.18"]
[SourceVersion "1"]
[SourceVersionDate "2025.06.18"]
[SourceQuality "1"]

1. e4 e6 2. Nf3 d5 3. e5 Bd7 4. d4 c5 5. c3 Nc6 6. Bd3 cxd4 7. 0-0 dxc3 8. Nxc3 Nge7 9. Bf4 Ng6 10. Bg3 a6 11. h4 Be7 12. h5 Nh4 13. Rc1 Nxf3+ 14. Qxf3 Bg5 15. Bf4 Bxf4 16. Qxf4 h6 17. Rfe1 Qg5 18. Qh2 Nd4 19. Re3 Nf3+ 20. Rxf3 Qxc1+ 21. Bf1 Bb5 22. Nxb5 axb5 23. Rc3 0-0 24. Qg3 Qxb2 25. Bd3 Rfc8 26. Rb3 Qc1+ 27. Kh2 Rxa2 28. Bb1 Rb2 29. Qd3 Qf4+ 30. g3 0-1

[Event "POL-chT 1st League"]
[Site "Darlowo"]
[Date "2024.09.22"]
[Round "9.17"]
[White "Skowronski, Piotr"]
[Black "Mikula, Maciej"]
[Result "1/2-1/2"]
[WhiteElo "1997"]
[BlackElo "2031"]
[PlyCount "204"]
[EventDate "2024.09.14"]
[EventType "team-swiss"]
[EventRounds "9"]
[EventCountry "POL"]
[SourceTitle "EXT 2025"]
[Source "ChessBase"]
[SourceDate "2024.10.14"]
[SourceVersion "1"]
[SourceVersionDate "2024.10.14"]
[SourceQuality "1"]

1. Nf3 c5 2. b3 g6 3. Bb2 Nf6 4. g3 Bg7 5. Bg2 d5 6. e3 Nc6 7. d4 0-0 8. 0-0 cxd4 9. exd4 Bf5 10. Ne5 Rc8 11. Nxc6 bxc6 12. c4 Qd7 13. Nc3 Bh3 14. Re1 Bxg2 15. Kxg2 Rfe8 16. f3 c5 17. dxc5 dxc4 18. Qxd7 Nxd7 19. b4 Ne5 20. Na4 Nd3 21. Bxg7 Nxe1+ 22. Rxe1 Kxg7 23. Rc1 Red8 24. Rc2 Rd4 25. Nc3 a5 26. a3 Rd3 27. Kf2 f5 28. Nb5 axb4 29. axb4 Rb8 30. c6 Rd5 31. Nc3 Rd6 32. b5 Kf7 33. Ra2 Ke6 34. Ra4 Rd2+ 35. Ke1 Rb2 36. Rxc4 Kd6 37. Kd1 Kc7 38. Kc1 R2xb5 39. Nxb5+ Rxb5 40. h4 Rb6 41. Kd2 Rxc6 42. Ra4 Kd6 43. Kd3 Rc1 44. Ra6+ Rc6 45. Ra4 Rb6 46. Ra3 Ke5 47. Ke3 h6 48. f4+ Kf6 49. Rc3 Ra6 50. Rb3 Rd6 51. Ra3 g5 52. hxg5+ hxg5 53. Rb3 e5 54. fxe5+ Kxe5 55. Kf3 Ra6 56. Rb5+ Kf6 57. Rb3 g4+ 58. Kf2 Ra2+ 59. Kf1 Ke5 60. Rb5+ Kf6 61. Rb3 Rd2 62. Re3 Kg5 63. Ra3 Kf6 64. Re3 Rc2 65. Ra3 Rh2 66. Kg1 Rd2 67. Kf1 Ke5 68. Re3+ Kd4 69. Re8 Rd3 70. Kg2 Rd2+ 71. Kf1 Rc2 72. Re7 Rc5 73. Kf2 Rc2+ 74. Kf1 Rb2 75. Re8 Rb5 76. Kf2 Re5 77. Ra8 Re6 78. Ra4+ Ke5 79. Ra5+ Kf6 80. Rb5 Re5 81. Rb3 Rc5 82. Ra3 Kg5 83. Ra2 f4 84. gxf4+ Kxf4 85. Ra4+ Kg5 86. Ra2 Kh4 87. Kg2 Rc3 88. Rb2 Rg3+ 89. Kh2 Rf3 90. Kg2 Ra3 91. Rc2 Re3 92. Ra2 Kg5 93. Ra5+ Kf4 94. Ra4+ Re4 95. Rxe4+ Kxe4 96. Kg3 Kf5 97. Kg2 Kg5 98. Kg3 Kf5 99. Kg2 Kf4 100. Kf2 g3+ 101. Kg2 Kg4 102. Kg1 Kf3 1/2-1/2

[Event "POL-ch U20"]
[Site "Chotowa"]
[Date "2023.10.31"]
[Round "9"]
[White "Kraczek, Cezary"]
[Black "Mikula, Maciej"]
[Result "1/2-1/2"]
[WhiteElo "1707"]
[BlackElo "1936"]
[PlyCount "92"]
[EventDate "2023.10.24"]
[EventType "swiss"]
[EventRounds "9"]
[EventCountry "POL"]
[SourceTitle "CBM 216 Extra"]
[Source "ChessBase"]
[SourceDate "2023.11.30"]
[SourceVersion "1"]
[SourceVersionDate "2023.11.30"]
[SourceQuality "1"]
[WhiteTeam "Poland"]
[BlackTeam "Poland"]
[WhiteTeamCountry "POL"]
[BlackTeamCountry "POL"]

1. e4 c5 2. Nf3 g6 3. d4 cxd4 4. Qxd4 Nf6 5. Nc3 Nc6 6. Qa4 d6 7. e5 dxe5 8. Nxe5 Qd4 9. Nxc6 Qxa4 10. Nxa4 bxc6 11. Be3 Nd5 12. Bc5 e5 13. Bc4 Bxc5 14. Nxc5 Ke7 15. 0-0-0 Rd8 16. Rhe1 f6 17. Bb3 Bf5 18. g3 g5 19. Rd2 Bg4 20. c4 Nb6 21. f4 Rxd2 22. Kxd2 a5 23. a4 h6 24. fxe5 Rd8+ 25. Kc3 Bf5 26. exf6+ Kxf6 27. Bc2 Bxc2 28. Kxc2 Nxc4 29. Re6+ Kf5 30. Rxh6 Ne5 31. h3 Rd5 32. g4+ Kf4 33. Ne6+ Ke3 34. Nxg5 Rd2+ 35. Kc3 Rd3+ 36. Kc2 Rd4 37. Re6 Rc4+ 38. Kb3 Rb4+ 39. Kc3 Kf4 40. Nf7 Rc4+ 41. Kb3 Rb4+ 42. Kc2 Rc4+ 43. Kb1 Nd3 44. b3 Rc1+ 45. Ka2 Rc2+ 46. Kb1 Rc1+ 1/2-1/2

[Event "POL-ch U20"]
[Site "Chotowa"]
[Date "2023.10.28"]
[Round "6"]
[White "Mikula, Maciej"]
[Black "Lis, Maksymilian"]
[Result "1/2-1/2"]
[WhiteElo "1936"]
[BlackElo "1937"]
[PlyCount "93"]
[EventDate "2023.10.24"]
[EventType "swiss"]
[EventRounds "9"]
[EventCountry "POL"]
[SourceTitle "CBM 216 Extra"]
[Source "ChessBase"]
[SourceDate "2023.11.30"]
[SourceVersion "1"]
[SourceVersionDate "2023.11.30"]
[SourceQuality "1"]

1. e4 c5 2. Nf3 e6 3. d4 cxd4 4. Nxd4 a6 5. Bd3 Nc6 6. Nb3 Qc7 7. Be3 Nf6 8. Qe2 d5 9. N1d2 Be7 10. 0-0 Bd7 11. c4 dxe4 12. Nxe4 Nb4 13. Nxf6+ Bxf6 14. Be4 Bc6 15. Bc5 Bxe4 16. Qxe4 Nc6 17. Rfd1 Qe5 18. Qxe5 Bxe5 19. Rd2 Rd8 20. Rad1 Rxd2 21. Rxd2 Bf6 22. Kf1 h5 23. Bb6 Bd8 24. Bxd8 Nxd8 25. Nc5 h4 26. h3 Rh5 27. b4 a5 28. a3 axb4 29. axb4 Re5 30. f3 Nc6 31. Nxb7 Nxb4 32. c5 Rd5 33. Nd6+ Ke7 34. Rb2 Rxc5 35. Rxb4 Kxd6 36. Rxh4 g6 37. Ra4 Ke7 38. Kf2 Rc2+ 39. Kg3 Rb2 40. Ra7+ Kf6 41. Ra4 Kg7 42. Ra7 Rc2 43. Rb7 Ra2 44. Rc7 Rb2 45. Ra7 Rc2 46. Rb7 Kf6 47. Ra7 1/2-1/2

[Event "POL-ch U20"]
[Site "Chotowa"]
[Date "2023.10.25"]
[Round "2"]
[White "Boryna, Szymon"]
[Black "Mikula, Maciej"]
[Result "1/2-1/2"]
[WhiteElo "1463"]
[BlackElo "1936"]
[PlyCount "106"]
[EventDate "2023.10.24"]
[EventType "swiss"]
[EventRounds "9"]
[EventCountry "POL"]
[SourceTitle "CBM 216 Extra"]
[Source "ChessBase"]
[SourceDate "2023.11.30"]
[SourceVersion "1"]
[SourceVersionDate "2023.11.30"]
[SourceQuality "1"]

1. c4 d5 2. e3 Nf6 3. Nc3 c6 4. b3 Bf5 5. cxd5 cxd5 6. Nf3 e6 7. Bb2 Be7 8. Bb5+ Nfd7 9. Nd4 Bg6 10. 0-0 a6 11. Be2 Nc6 12. Nxc6 bxc6 13. d4 0-0 14. Rc1 Qb8 15. Na4 Rc8 16. Qd2 Bd6 17. h3 Nf6 18. Bd3 Bxd3 19. Qxd3 Ne4 20. Rc2 Qb5 21. Rd1 a5 22. Qf1 Qxf1+ 23. Kxf1 Ra6 24. Rdc1 f5 25. Ke2 f4 26. Bc3 fxe3 27. fxe3 Ba3 28. Bb2 Bd6 29. Bc3 Bb4 30. Kd3 Kf7 31. Bxb4 axb4 32. Nc5 Nxc5+ 33. dxc5 Rca8 34. Rf2+ Kg6 35. Rcc2 e5 36. g4 R6a7 37. e4 Rd8 38. Rf5 dxe4+ 39. Kxe4 Rd4+ 40. Kxe5 Rad7 41. Rc4 Rd2 42. Rxb4 Re7+ 43. Kf4 Rxa2 44. Rb6 Rf2+ 45. Kg3 Rxf5 46. gxf5+ Kxf5 47. Rxc6 Re3+ 48. Kg2 Rxb3 49. Rb6 Rc3 50. c6 g5 51. Rb5+ Kf4 52. Rb4+ Ke3 53. Rb7 Rxc6 1/2-1/2

[Event "POL-ch U20"]
[Site "Chotowa"]
[Date "2023.10.25"]
[Round "3"]
[White "Czernek, Tymon"]
[Black "Mikula, Maciej"]
[Result "1-0"]
[WhiteElo "2329"]
[BlackElo "1936"]
[PlyCount "107"]
[EventDate "2023.10.24"]
[EventType "swiss"]
[EventRounds "9"]
[EventCountry "POL"]
[SourceTitle "CBM 216 Extra"]
[Source "ChessBase"]
[SourceDate "2023.11.30"]
[SourceVersion "1"]
[SourceVersionDate "2023.11.30"]
[SourceQuality "1"]

1. e4 c5 2. Nf3 g6 3. d4 cxd4 4. Nxd4 Bg7 5. c4 Nc6 6. Be3 Nf6 7. Nc3 Ng4 8. Qxg4 Nxd4 9. Qd1 Ne6 10. Qd2 Qa5 11. Be2 d6 12. 0-0 0-0 13. Nd5 Qd8 14. f4 b6 15. Bf3 Bb7 16. Rad1 Rc8 17. b3 Nc5 18. Bd4 Bxd4+ 19. Qxd4 Bxd5 20. Qxd5 a5 21. Bg4 Rb8 22. e5 dxe5 23. Qxe5 Qe8 24. f5 Nd7 25. Qf4 Nf6 26. fxg6 hxg6 27. Bf3 Qc8 28. Kh1 Kg7 29. g4 Qc5 30. g5 Nh7 31. Rd5 Qc8 32. Qe5+ f6 33. Qxe7+ Rf7 34. gxf6+ Nxf6 35. Qe5 Qe8 36. Qd4 Qe7 37. Bg2 Re8 38. Rd6 Qe5 39. Qxb6 Rh8 40. h3 g5 41. Re6 Qc3 42. Re3 Qb2 43. Qxa5 Rh5 44. Qe5 Qxa2 45. Rf5 Kg6 46. Rxf6+ Rxf6 47. Qe8+ Rf7 48. Qg8+ Rg7 49. Qe6+ Kh7 50. Be4+ Kh8 51. Qe8+ Rg8 52. Qxh5+ Kg7 53. Qg6+ Kh8 54. Qh6# 1-0

[Event "Liptovsky Jan op"]
[Site "Liptovsky Jan"]
[Date "2022.06.26"]
[Round "7"]
[White "Mikula, Maciej"]
[Black "Stric, Dusan"]
[Result "1-0"]
[WhiteElo "1567"]
[BlackElo "2021"]
[PlyCount "147"]
[EventDate "2022.06.23"]
[EventType "swiss"]
[EventRounds "7"]
[EventCountry "SVK"]
[SourceTitle "CBM 209 Extra"]
[Source "ChessBase"]
[SourceDate "2022.09.30"]
[SourceVersion "1"]
[SourceVersionDate "2022.09.30"]
[SourceQuality "1"]

1. d4 g6 2. Nf3 Bg7 3. e4 d6 4. c3 Nd7 5. Bd3 e5 6. 0-0 Ne7 7. Be3 0-0 8. Re1 h6 9. dxe5 Nxe5 10. Be2 Kh7 11. Nxe5 Bxe5 12. Bd4 Bxd4 13. cxd4 f5 14. f3 c6 15. Nc3 fxe4 16. fxe4 d5 17. Qb3 dxe4 18. Rad1 Nd5 19. Nxe4 Rb8 20. Bf3 Qb6 21. Qxb6 Nxb6 22. Nd6 Rd8 23. Re7+ Kg8 24. Nf7 Kf8 25. Rde1 Rxd4 26. Nxh6 Rf4 27. Re8+ Kg7 28. Ng8 Rf7 29. Ne7 Ra8 30. Rg8+ Kh7 31. Re8 Bd7 32. Rxa8 Nxa8 33. h4 Nc7 34. Be4 Kg7 35. Bxg6 Rf6 36. h5 Be6 37. Nf5+ Bxf5 38. Re7+ Kh6 39. Rxc7 Be6 40. Rxb7 Bxa2 41. Rxa7 Bc4 42. Ra1 Kg5 43. Re1 Bd5 44. Rf1 Re6 45. Bf7 Re2 46. Bxd5 cxd5 47. Rd1 Rxb2 48. Rxd5+ Kh6 49. Kh2 Ra2 50. Kh3 Ra1 51. Kh4 Rh1+ 52. Kg4 Rg1 53. Rd6+ Kh7 54. g3 Rg2 55. Kh4 Rh2+ 56. Kg5 Rg2 57. Rd7+ Kg8 58. g4 Rg1 59. h6 Ra1 60. Rd8+ Kh7 61. Rd7+ Kg8 62. Kh5 Ra5+ 63. g5 Rb5 64. Rg7+ Kh8 65. Rf7 Kg8 66. Rg7+ Kh8 67. Re7 Kg8 68. Kg6 Rb6+ 69. Kf5 Rb5+ 70. Re5 Rb6 71. g6 Rb8 72. Kg5 Ra8 73. h7+ Kh8 74. Kh6 1-0